Comparison of insect on cashew tree in koun mom​ and ou chum district ratanakiriprovince ការប្រៀបធៀបវត្តមានសត្វល្អិតលើដំណាំស្វាយចន្ទី​ក្នុងលក្ខខណ្ឌស្រុកអូរជុំ និងស្រុកកូនមុំនៃខេត្តរតនគិរី (Record no. 1119)

000 -LEADER
fixed length control field 00736nam a22001337a 4500
040 ## - CATALOGING SOURCE
Transcribing agency RUA
082 ## - DEWEY DECIMAL CLASSIFICATION NUMBER
Classification number AGR HOU 2010 B044 Or.1
100 ## - MAIN ENTRY--AUTHOR NAME
Personal name HOUT, VANNY.
245 ## - TITLE STATEMENT
Title Comparison of insect on cashew tree in koun mom​ and ou chum district ratanakiriprovince ការប្រៀបធៀបវត្តមានសត្វល្អិតលើដំណាំស្វាយចន្ទី​ក្នុងលក្ខខណ្ឌស្រុកអូរជុំ និងស្រុកកូនមុំនៃខេត្តរតនគិរី
260 ## - PUBLICATION, DISTRIBUTION, ETC. (IMPRINT)
Place of publication Phnom Penh
Name of publisher RUA
Year of publication 2010
300 ## - PHYSICAL DESCRIPTION
Number of Pages xi; 47p.
Other physical details ill.
Dimensions 29cm.
856 ## - ELECTRONIC LOCATION AND ACCESS
Uniform Resource Identifier https://drive.google.com/file/d/1pHe22IztA903x_UAl30UdlwLP0bXYx8S/view?usp=sharing
942 ## - ADDED ENTRY ELEMENTS (KOHA)
Koha item type AGR
952 ## - LOCATION AND ITEM INFORMATION (KOHA)
Withdrawn status [LOCAL, KOHA] 0
952 ## - LOCATION AND ITEM INFORMATION (KOHA)
Withdrawn status [LOCAL, KOHA] 0
952 ## - LOCATION AND ITEM INFORMATION (KOHA)
Withdrawn status [LOCAL, KOHA] 0
952 ## - LOCATION AND ITEM INFORMATION (KOHA)
Withdrawn status [LOCAL, KOHA] 0
952 ## - LOCATION AND ITEM INFORMATION (KOHA)
Withdrawn status [LOCAL, KOHA] 0
Holdings
Permanent Location Date acquired Koha item type Lost status Shelving location Barcode Current Location Full call number
Library Block B2015-09-23AGR B044RUA000297Library Block BAGR HOU 2010 B044 Or.2
Library Block B2015-09-23AGR B044RUA000299Library Block BAGR HOU 2010 B044 Or.1
Library Block B2015-09-23AGR B044RUA000225Library Block BAGR HOU 2010 B044 Or.3
Library Block B2015-09-23AGR B044RUA000589Library Block BAGR HOU 2010 B044 Or.4
Library Block B2015-09-23AGR B044RUA000661Library Block BAGR HOU 2010 B044 Or.5
មជ្ឈមណ្ឌលឯការនៃសាកលវិទ្យាល័យភូមិន្ទកសិកម្មចំការដូង

Powered by Koha